000
00330nam a2200133Ia 4500
008
240624s9999 xx 000 0 und d
041
_a
eng
082
_a
330.941 BAI
100
_a
BAILEY DAVID
245
_a
RECESSION AND BEYOND LOCAL AND REGIONAL
260
_c
2011
_a
London
_b
Routledge
300
_a
384 : p.
365
_c
GBP
_b
28
999
_c
21772
_d
21772